00357 2200145 4500001002100000005001500021035002000036245004800056100002700104300001200131260003400143082000800177084001400185990001200199INLIS00000000000199520250527083123 a0010-05250002871 aKidung Yang Indah /cAnn Patcbett Bel Canto0 aAnn Patcbett Bel Canto a491 hlm aJakarta :bPT.Gramedia,c2004 a813 a813 ANN k a0712666